00697nam a2200217Ia 4500003000900000008004100009040001600050080001600066100002900082245005800111260003700169300001000206490002800216650002900244650002700273650002400300650001900324942000700343999001500350952011400365IN-BaIIA211028s9999 xx 000 0 eng d cIIA Library a537.56bLLE aLlewellyn-Jones, F96397 0aIonization and breakdown in gasescF. Llewellyn-Jones aLondonbScience Paperbacksc1957 a176p. aScience Paperbacks SP33 aBrownian Movements96398 aIonization Gases96399 aIonized Gases91896 aNASA Thesaurus cBK c3608d3608 00104070aBANbBANcGENd1970-10-28g9.88l0o537.56/ LLEp4030r2021-11-05v9.88w1970-10-28yBKGRs. 9.88